000 00438pab a2200181 454500
008 180718b2008 xxu||||| |||| 00| 0 eng d
100 _aAcharya, Sanghmitra S.
245 _aHealth and sexuality among youth in Uttarakhand (India)
260 _c2008
300 _ap.71-86.
362 _aSep
650 _aHealth
650 _aYouth
650 _aSexual behaviour
773 _aMan and Development
908 _aN
909 _a79849
999 _c79849
_d79849